| 000 | 00368nam a2200109Ia 4500 | ||
|---|---|---|---|
| 008 | 171211s9999 xx 000 0 und d | ||
| 245 | _aReligion - Imagination - Ästhetik: Vorstellungs- und Sinneswelten in Religion und Kultur | ||
| 245 | _cAnnette Wilke and Lucia Traut | ||
| 260 | _c2014 | ||
| 650 | _xRELIGION | ||
| 856 | _uhttp://down.ebook777.com/063/3525540310.pdf | ||
| 999 |
_c350592 _d350592 |
||